Witchcraft in the Ancient World and the Middle Ages
Αποθηκεύτηκε σε:
| Άλλοι συγγραφείς: | |
|---|---|
| Μορφή: | Βιβλίο |
| Γλώσσα: | English |
| Δημοσίευση: |
New York :
Garland ,
1992
|
| Σειρά: | Articles on witchcraft, magic and demonology ;
; 2 |
| Θέματα: | |
| Ετικέτες: |
Προσθήκη ετικέτας
Δεν υπάρχουν, Καταχωρήστε ετικέτα πρώτοι!
|
MARC
| LEADER | 00000nam a2200000 i 4500 | ||
|---|---|---|---|
| 001 | 1/104479 | ||
| 008 | 950602s1992 eng d | ||
| 020 | |a 0-8153-1024-2 | ||
| 035 | |l 10013275 | ||
| 040 | |a GR-MY-UA |b gre |e aacr | ||
| 041 | 0 | |a eng | |
| 082 | 0 | |a 133.409 | |
| 245 | 1 | 0 | |a Witchcraft in the Ancient World and the Middle Ages / |c Edited with introductions by Brian P. Levack |
| 260 | |a New York : |b Garland , |c 1992 | ||
| 300 | |a 329 p. | ||
| 490 | 1 | |a Articles on witchcraft, magic and demonology |v ; 2 | |
| 504 | |a Includes bibliographical references | ||
| 650 | 0 | 0 | |a Witchcraft |x History. |
| 700 | 1 | |a Levack, Brian P. |4 edt | |
| 830 | 0 | |a Articles on witchcraft, magic and demonology ; |v ; 2 | |
| 852 | |a INST |b LESVOS |e 19950602 |h 133.409 WIT |p 005100000300 |q 005100000300 |t BK |y 0 | ||
| 909 | |a Λ |b 036333 | ||